3701-高松琴平電気鉄道の駅 - Statistics

General Stats
  • This quiz has been taken 147 times
  • The average score is 31 of 55
Answer Stats
本線 % Correct
琴電琴平
100%
高松築港
99%
長尾
99%
琴電志度
96%
瓦町
95%
瓦町
95%
瓦町
95%
栗林公園
85%
仏生山
85%
片原町
84%
琴電屋島
84%
綾川
80%
空港通り
77%
一宮
72%
伏石
70%
挿頭丘
68%
太田
67%
三条
66%
円座
63%
滝宮
63%
八栗
63%
61%
岡本
59%
古高松
56%
松島二丁目
54%
花園
54%
平木
51%
岡田
50%
榎井
50%
今橋
50%
沖松島
50%
八栗新道
50%
48%
木太東口
44%
栗熊
43%
高田
43%
農学部前
43%
公文明
41%
房前
40%
水田
40%
大町
39%
羽床
37%
潟元
37%
林道
37%
学園通り
37%
羽間
34%
春日川
34%
畑田
33%
井戸
32%
六万寺
30%
元山
30%
白山
30%
塩屋
29%
西前田
27%
池戸
27%
No matching quizzes found
Score Distribution
Percent of People with Each Score
Percentile by Number Answered
Your Score History
You have not taken this quiz